<?xml version="1.0" encoding="UTF-8"?>
<record
    xmlns:xsi="http://www.w3.org/2001/XMLSchema-instance"
    xsi:schemaLocation="http://www.loc.gov/MARC21/slim http://www.loc.gov/standards/marcxml/schema/MARC21slim.xsd"
    xmlns="http://www.loc.gov/MARC21/slim">

  <leader>00763nam a22001577a 4500</leader>
  <controlfield tag="003">OSt</controlfield>
  <controlfield tag="005">20150921152729.0</controlfield>
  <controlfield tag="008">150921b        xxu||||| |||| 00| 0 eng d</controlfield>
  <datafield tag="040" ind1=" " ind2=" ">
    <subfield code="c">RUA</subfield>
  </datafield>
  <datafield tag="082" ind1=" " ind2=" ">
    <subfield code="a">AGR KOV 2009 B039 Or.1</subfield>
  </datafield>
  <datafield tag="100" ind1=" " ind2=" ">
    <subfield code="9">1023</subfield>
    <subfield code="a">KOV, VOEUN</subfield>
  </datafield>
  <datafield tag="245" ind1=" " ind2=" ">
    <subfield code="a">Effect of different seedling ages and numbers on phkar romeat variety at royal university of agriculture,(&#x17A5;&#x1791;&#x17D2;&#x1792;&#x17B7;&#x1796;&#x179B;&#x1793;&#x17C3;&#x1780;&#x17B6;&#x179A;&#x179F;&#x17D2;&#x1791;&#x17BC;&#x1784;&#x17A2;&#x17B6;&#x1799;&#x17BB;&#x179F;&#x17C6;&#x178E;&#x17B6;&#x1794; &#x1793;&#x17B7;&#x1784;&#x1785;&#x17C6;&#x1793;&#x17BD;&#x1793;&#x178A;&#x17BE;&#x1798;&#x179F;&#x17C6;&#x178E;&#x17B6;&#x1794;&#x1781;&#x17BB;&#x179F;&#x17D7;&#x1782;&#x17D2;&#x1793;&#x17B6;&#x1791;&#x17C5;&#x179B;&#x17BE;&#x1796;&#x17BC;&#x1787;&#x179F;&#x17D2;&#x179A;&#x17BC;&#x179C;&#x1795;&#x17D2;&#x1780;&#x17B6;&#x179A;&#x1798;&#x17C0;&#x178F;&#x1793;&#x17C5;&#x179F;&#x17B6;&#x1780;&#x179B;&#x179C;&#x17B7;&#x1791;&#x17D2;&#x1799;&#x17B6;&#x179B;&#x17D0;&#x1799;&#x1797;&#x17BC;&#x1798;&#x17B7;&#x1793;&#x17D2;&#x1791;&#x1780;&#x179F;&#x17B7;&#x1780;&#x1798;&#x17D2;&#x1798;)</subfield>
  </datafield>
  <datafield tag="260" ind1=" " ind2=" ">
    <subfield code="a">Phnom penh</subfield>
    <subfield code="b">RUA</subfield>
    <subfield code="c">2009</subfield>
  </datafield>
  <datafield tag="300" ind1=" " ind2=" ">
    <subfield code="a">xi,56p.</subfield>
    <subfield code="b">ill.</subfield>
    <subfield code="c">29cm.</subfield>
  </datafield>
  <datafield tag="942" ind1=" " ind2=" ">
    <subfield code="2">ddc</subfield>
    <subfield code="c">AGR</subfield>
  </datafield>
  <datafield tag="999" ind1=" " ind2=" ">
    <subfield code="c">982</subfield>
    <subfield code="d">982</subfield>
  </datafield>
  <datafield tag="952" ind1=" " ind2=" ">
    <subfield code="0">0</subfield>
    <subfield code="1">0</subfield>
    <subfield code="2">ddc</subfield>
    <subfield code="4">0</subfield>
    <subfield code="6">AGR_KOV_2009_000000000000000_B039_OR_1</subfield>
    <subfield code="7">0</subfield>
    <subfield code="9">4058</subfield>
    <subfield code="a">LBB</subfield>
    <subfield code="b">LBB</subfield>
    <subfield code="c">B039</subfield>
    <subfield code="d">2015-09-21</subfield>
    <subfield code="l">1</subfield>
    <subfield code="o">AGR KOV 2009 B039 Or.1</subfield>
    <subfield code="p">RUA000328</subfield>
    <subfield code="r">2016-07-20</subfield>
    <subfield code="s">2016-07-04</subfield>
    <subfield code="w">2015-09-21</subfield>
    <subfield code="y">AGR</subfield>
  </datafield>
  <datafield tag="952" ind1=" " ind2=" ">
    <subfield code="0">0</subfield>
    <subfield code="1">0</subfield>
    <subfield code="2">ddc</subfield>
    <subfield code="4">0</subfield>
    <subfield code="6">AGR_KOV_2009_000000000000000_B039_OR_2</subfield>
    <subfield code="7">0</subfield>
    <subfield code="9">4059</subfield>
    <subfield code="a">LBB</subfield>
    <subfield code="b">LBB</subfield>
    <subfield code="c">B039</subfield>
    <subfield code="d">2015-09-21</subfield>
    <subfield code="o">AGR KOV 2009 B039 Or.2</subfield>
    <subfield code="p">RUA000400</subfield>
    <subfield code="r">2015-09-21</subfield>
    <subfield code="w">2015-09-21</subfield>
    <subfield code="y">AGR</subfield>
  </datafield>
  <datafield tag="952" ind1=" " ind2=" ">
    <subfield code="0">0</subfield>
    <subfield code="1">0</subfield>
    <subfield code="2">ddc</subfield>
    <subfield code="4">0</subfield>
    <subfield code="6">AGR_KOV_2009_000000000000000_B039_OR_3</subfield>
    <subfield code="7">0</subfield>
    <subfield code="9">4060</subfield>
    <subfield code="a">LBB</subfield>
    <subfield code="b">LBB</subfield>
    <subfield code="c">B039</subfield>
    <subfield code="d">2015-09-21</subfield>
    <subfield code="l">1</subfield>
    <subfield code="o">AGR KOV 2009 B039 Or.3</subfield>
    <subfield code="p">RUA000786</subfield>
    <subfield code="r">2017-08-22</subfield>
    <subfield code="s">2017-08-03</subfield>
    <subfield code="w">2015-09-21</subfield>
    <subfield code="y">AGR</subfield>
  </datafield>
  <datafield tag="952" ind1=" " ind2=" ">
    <subfield code="0">0</subfield>
    <subfield code="1">0</subfield>
    <subfield code="2">ddc</subfield>
    <subfield code="4">0</subfield>
    <subfield code="6">AGR_KOV_2009_000000000000000_B039_OR_4</subfield>
    <subfield code="7">0</subfield>
    <subfield code="9">4061</subfield>
    <subfield code="a">LBB</subfield>
    <subfield code="b">LBB</subfield>
    <subfield code="c">B039</subfield>
    <subfield code="d">2015-09-21</subfield>
    <subfield code="o">AGR KOV 2009 B039 Or.4</subfield>
    <subfield code="p">RUA000570</subfield>
    <subfield code="r">2015-09-21</subfield>
    <subfield code="w">2015-09-21</subfield>
    <subfield code="y">AGR</subfield>
  </datafield>
  <datafield tag="952" ind1=" " ind2=" ">
    <subfield code="0">0</subfield>
    <subfield code="1">0</subfield>
    <subfield code="2">ddc</subfield>
    <subfield code="4">0</subfield>
    <subfield code="6">AGR_KOV_2009_000000000000000_B039_OR_5</subfield>
    <subfield code="7">0</subfield>
    <subfield code="9">4062</subfield>
    <subfield code="a">LBB</subfield>
    <subfield code="b">LBB</subfield>
    <subfield code="c">B039</subfield>
    <subfield code="d">2015-09-21</subfield>
    <subfield code="o">AGR KOV 2009 B039 Or.5</subfield>
    <subfield code="p">RUA000426</subfield>
    <subfield code="r">2015-09-21</subfield>
    <subfield code="w">2015-09-21</subfield>
    <subfield code="y">AGR</subfield>
  </datafield>
  <datafield tag="952" ind1=" " ind2=" ">
    <subfield code="0">0</subfield>
    <subfield code="1">0</subfield>
    <subfield code="2">ddc</subfield>
    <subfield code="4">0</subfield>
    <subfield code="6">AGR_KOV_2009_000000000000000_B039_OR_6</subfield>
    <subfield code="7">0</subfield>
    <subfield code="9">4063</subfield>
    <subfield code="a">LBB</subfield>
    <subfield code="b">LBB</subfield>
    <subfield code="c">B039</subfield>
    <subfield code="d">2015-09-21</subfield>
    <subfield code="o">AGR KOV 2009 B039 Or.6</subfield>
    <subfield code="p">RUA000840</subfield>
    <subfield code="r">2015-09-21</subfield>
    <subfield code="w">2015-09-21</subfield>
    <subfield code="y">AGR</subfield>
  </datafield>
  <datafield tag="952" ind1=" " ind2=" ">
    <subfield code="0">0</subfield>
    <subfield code="1">0</subfield>
    <subfield code="2">ddc</subfield>
    <subfield code="4">0</subfield>
    <subfield code="6">AGR_KOV_2009_000000000000000_B039_OR_7</subfield>
    <subfield code="7">0</subfield>
    <subfield code="9">4064</subfield>
    <subfield code="a">LBB</subfield>
    <subfield code="b">LBB</subfield>
    <subfield code="c">B039</subfield>
    <subfield code="d">2015-09-21</subfield>
    <subfield code="l">1</subfield>
    <subfield code="o">AGR KOV 2009 B039 Or.7</subfield>
    <subfield code="p">RUA000787</subfield>
    <subfield code="r">2019-12-03</subfield>
    <subfield code="s">2019-11-15</subfield>
    <subfield code="w">2015-09-21</subfield>
    <subfield code="y">AGR</subfield>
  </datafield>
  <datafield tag="952" ind1=" " ind2=" ">
    <subfield code="0">0</subfield>
    <subfield code="1">0</subfield>
    <subfield code="2">ddc</subfield>
    <subfield code="4">0</subfield>
    <subfield code="6">AGR_KOV_2009_000000000000000_B039_OR_8</subfield>
    <subfield code="7">0</subfield>
    <subfield code="9">4065</subfield>
    <subfield code="a">LBB</subfield>
    <subfield code="b">LBB</subfield>
    <subfield code="c">B039</subfield>
    <subfield code="d">2015-09-21</subfield>
    <subfield code="o">AGR KOV 2009 B039 Or.8</subfield>
    <subfield code="p">RUA000715</subfield>
    <subfield code="r">2015-09-21</subfield>
    <subfield code="w">2015-09-21</subfield>
    <subfield code="y">AGR</subfield>
  </datafield>
  <datafield tag="952" ind1=" " ind2=" ">
    <subfield code="0">0</subfield>
    <subfield code="1">0</subfield>
    <subfield code="2">ddc</subfield>
    <subfield code="4">0</subfield>
    <subfield code="6">AGR_KOV_2009_000000000000000_B039_OR_9</subfield>
    <subfield code="7">0</subfield>
    <subfield code="9">4066</subfield>
    <subfield code="a">LBB</subfield>
    <subfield code="b">LBB</subfield>
    <subfield code="c">B039</subfield>
    <subfield code="d">2015-09-21</subfield>
    <subfield code="o">AGR KOV 2009 B039 Or.9</subfield>
    <subfield code="p">RUA000643</subfield>
    <subfield code="r">2015-09-21</subfield>
    <subfield code="w">2015-09-21</subfield>
    <subfield code="y">AGR</subfield>
  </datafield>
</record>
